The study on vilage development commitee in chhnour meanchey commune, preh net preh district, banteaymeanchey province, ការសិក្សាពីគណៈកម្មាធិការអភិវឌ្ឍន៍ភូមិក្នុងឃុំឈ្នួរមានជ័យ ស្រុកព្រះនេត្រព្រះ ខេត្តបន្ទាយមានជ័យ (Record no. 4918)

000 -LEADER
fixed length control field 00744nam a22001337a 4500
040 ## - CATALOGING SOURCE
Transcribing agency RUA
082 ## - DEWEY DECIMAL CLASSIFICATION NUMBER
Classification number AED SOM 2010 B245 Or.1
100 ## - MAIN ENTRY--AUTHOR NAME
Personal name SOM, SAL.
245 ## - TITLE STATEMENT
Title The study on vilage development commitee in chhnour meanchey commune, preh net preh district, banteaymeanchey province, ការសិក្សាពីគណៈកម្មាធិការអភិវឌ្ឍន៍ភូមិក្នុងឃុំឈ្នួរមានជ័យ ស្រុកព្រះនេត្រព្រះ ខេត្តបន្ទាយមានជ័យ
260 ## - PUBLICATION, DISTRIBUTION, ETC. (IMPRINT)
Place of publication Phnom Penh
Name of publisher RUA
Year of publication 2010
300 ## - PHYSICAL DESCRIPTION
Number of Pages x, 43p.
Other physical details ill.
Dimensions 29cm.
856 ## - ELECTRONIC LOCATION AND ACCESS
Uniform Resource Identifier https://drive.google.com/file/d/1swpTZ8VzfL8VnOpCvD1o0JDpTH7MIWfL/view?usp=sharing
942 ## - ADDED ENTRY ELEMENTS (KOHA)
Koha item type AED
952 ## - LOCATION AND ITEM INFORMATION (KOHA)
Withdrawn status [LOCAL, KOHA] 0
952 ## - LOCATION AND ITEM INFORMATION (KOHA)
Withdrawn status [LOCAL, KOHA] 0
952 ## - LOCATION AND ITEM INFORMATION (KOHA)
Withdrawn status [LOCAL, KOHA] 0
952 ## - LOCATION AND ITEM INFORMATION (KOHA)
Withdrawn status [LOCAL, KOHA] 0
952 ## - LOCATION AND ITEM INFORMATION (KOHA)
Withdrawn status [LOCAL, KOHA] 0
952 ## - LOCATION AND ITEM INFORMATION (KOHA)
Withdrawn status [LOCAL, KOHA] 0
952 ## - LOCATION AND ITEM INFORMATION (KOHA)
Withdrawn status [LOCAL, KOHA] 0
952 ## - LOCATION AND ITEM INFORMATION (KOHA)
Withdrawn status [LOCAL, KOHA] 0
952 ## - LOCATION AND ITEM INFORMATION (KOHA)
Withdrawn status [LOCAL, KOHA] 0
952 ## - LOCATION AND ITEM INFORMATION (KOHA)
Withdrawn status [LOCAL, KOHA] 0
Holdings
Permanent Location Date acquired Koha item type Lost status Shelving location Barcode Current Location Full call number
Library Block B2015-12-21AED B245RUA031522Library Block BAED SOM 2010 B245 Or.1
Library Block B2015-12-21AED B245RUA031524Library Block BAED SOM 2010 B245 Or.2
Library Block B2015-12-21AED B245RUA031584Library Block BAED SOM 2010 B245 Or.3
Library Block B2015-12-21AED B245RUA031340Library Block BAED SOM 2010 B245 Or.4
Library Block B2015-12-21AED B245RUA032752Library Block BAED SOM 2010 B245 Or.5
Library Block B2015-12-21AED B245RUA032634Library Block BAED SOM 2010 B245 Or.6
Library Block B2015-12-21AED B245RUA031587Library Block BAED SOM 2010 B245 Or.7
Library Block B2015-12-21AED B245RUA031401Library Block BAED SOM 2010 B245 Or.8
Library Block B2015-12-21AED B245RUA033334Library Block BAED SOM 2010 B245 Or.9
Library Block B2015-12-21AED B245RUA032748Library Block BAED SOM 2010 B245 Or.10
មជ្ឈមណ្ឌលឯការនៃសាកលវិទ្យាល័យភូមិន្ទកសិកម្មចំការដូង

Powered by Koha